<?xml version="1.0" encoding="UTF-8"?>
<record
    xmlns:xsi="http://www.w3.org/2001/XMLSchema-instance"
    xsi:schemaLocation="http://www.loc.gov/MARC21/slim http://www.loc.gov/standards/marcxml/schema/MARC21slim.xsd"
    xmlns="http://www.loc.gov/MARC21/slim">

  <leader>00483nam a22001817a 4500</leader>
  <controlfield tag="005">20260511132758.0</controlfield>
  <controlfield tag="008">260511b        |||||||| |||| 00| 0 eng d</controlfield>
  <datafield tag="020" ind1=" " ind2=" ">
    <subfield code="a">9789389396256</subfield>
    <subfield code="c">275.00</subfield>
  </datafield>
  <datafield tag="040" ind1=" " ind2=" ">
    <subfield code="a">MAIN</subfield>
  </datafield>
  <datafield tag="041" ind1=" " ind2=" ">
    <subfield code="a">English</subfield>
  </datafield>
  <datafield tag="082" ind1=" " ind2=" ">
    <subfield code="a">363.34</subfield>
    <subfield code="b">MON</subfield>
  </datafield>
  <datafield tag="100" ind1=" " ind2=" ">
    <subfield code="a">Mondal. Debabrata </subfield>
    <subfield code="9">26789</subfield>
  </datafield>
  <datafield tag="245" ind1=" " ind2=" ">
    <subfield code="a">Disaster Management </subfield>
    <subfield code="b">Concepts and Approaches </subfield>
  </datafield>
  <datafield tag="260" ind1=" " ind2=" ">
    <subfield code="a">New Delhi  </subfield>
    <subfield code="b">CBS</subfield>
    <subfield code="c">2020</subfield>
  </datafield>
  <datafield tag="300" ind1=" " ind2=" ">
    <subfield code="a">95</subfield>
  </datafield>
  <datafield tag="650" ind1=" " ind2=" ">
    <subfield code="a">Environment Science (PM USHA)</subfield>
    <subfield code="9">26725</subfield>
  </datafield>
  <datafield tag="942" ind1=" " ind2=" ">
    <subfield code="c">BK</subfield>
  </datafield>
  <datafield tag="999" ind1=" " ind2=" ">
    <subfield code="c">60763</subfield>
    <subfield code="d">60763</subfield>
  </datafield>
  <datafield tag="952" ind1=" " ind2=" ">
    <subfield code="0">0</subfield>
    <subfield code="1">0</subfield>
    <subfield code="2">ddc</subfield>
    <subfield code="4">0</subfield>
    <subfield code="6">363_340000000000000_MON</subfield>
    <subfield code="7">1</subfield>
    <subfield code="9">93898</subfield>
    <subfield code="a">MAIN</subfield>
    <subfield code="b">MAIN</subfield>
    <subfield code="d">2026-05-11</subfield>
    <subfield code="o">363.34 MON</subfield>
    <subfield code="p">32980</subfield>
    <subfield code="r">2026-05-11</subfield>
    <subfield code="w">2026-05-11</subfield>
    <subfield code="y">REF</subfield>
  </datafield>
  <datafield tag="952" ind1=" " ind2=" ">
    <subfield code="0">0</subfield>
    <subfield code="1">0</subfield>
    <subfield code="2">ddc</subfield>
    <subfield code="4">0</subfield>
    <subfield code="6">363_340000000000000_MON</subfield>
    <subfield code="7">0</subfield>
    <subfield code="9">93899</subfield>
    <subfield code="a">MAIN</subfield>
    <subfield code="b">MAIN</subfield>
    <subfield code="d">2026-05-11</subfield>
    <subfield code="l">0</subfield>
    <subfield code="o">363.34 MON</subfield>
    <subfield code="p">32981</subfield>
    <subfield code="r">2026-05-11</subfield>
    <subfield code="w">2026-05-11</subfield>
    <subfield code="y">BK</subfield>
  </datafield>
  <datafield tag="952" ind1=" " ind2=" ">
    <subfield code="0">0</subfield>
    <subfield code="1">0</subfield>
    <subfield code="2">ddc</subfield>
    <subfield code="4">0</subfield>
    <subfield code="6">363_340000000000000_MON</subfield>
    <subfield code="7">0</subfield>
    <subfield code="9">93900</subfield>
    <subfield code="a">MAIN</subfield>
    <subfield code="b">MAIN</subfield>
    <subfield code="d">2026-05-11</subfield>
    <subfield code="l">0</subfield>
    <subfield code="o">363.34 MON</subfield>
    <subfield code="p">32982</subfield>
    <subfield code="r">2026-05-11</subfield>
    <subfield code="w">2026-05-11</subfield>
    <subfield code="y">BK</subfield>
  </datafield>
</record>
